Tilastot visalle 15 maata joissa on eniten Covid-19-tapauksia 11. marraskuuta

Klikkaa tästä pelataksesi tätä visaa!

Yleistilastot

  • Tätä visaa on pelattu 6 kertaa
  • Keskiarvotulos 14 / 25

Vastaustilastot

maa% Oikein
Ranska
100%
Italia
100%
Yhdistynyt
kuningaskunta
100%
Brasilia
100%
Yhdysvallat
100%
Espanja
83%
Iran
83%
Venäjä
83%
Argentiina
83%
Saksa
83%
Meksiko
67%
Intia
67%
Peru
67%
Chile
67%
Kolumbia
50%
Belgia
50%
Etelä-Afrikka
33%
Sveitsi
17%
Israel
17%
Panama
17%
Armenia
0%
Qatar
0%
Bahrain
0%
Kuwait
0%
Tšekki
0%

Tulosjakauma

Persentiili vastausten määrän mukaan

Jokaisen tuloksen saaneiden osuus

Tuloshistoriasi

Et ole pelannut tätä visaa